Bartleby el escribente

Guardado en:
Bibliografiske detaljer
Hovedforfatter: Melville, Herman
Format: Bog
Sprog:Undetermined
Udgivet: Buenos Aires, Argentina Marymar 1976
Fag:
Tags: Tilføj Tag
Ingen Tags, Vær først til at tagge denne postø!

MARC

LEADER 00000nam a2200000Ia 4500
008 170316s9999 xx 000 0 und d
040 |a cru BVZT 
090 |a 810 M-34b 
100 |a Melville, Herman 
245 |a Bartleby el escribente 
260 |a Buenos Aires, Argentina 
260 |b Marymar 
260 |c 1976 
300 |a 74 páginas 
650 |a LITERATURA ESTADOUNIDENSE 
999 |c 5912  |d 5912 
942 |c 15 D  |h 810 M-34b  |2 z